The Simpsons Across the USA Quiz Stats

Quiz Updated Jan 30, 2015

Challenge
Share
Tweet
Score 0/20 Timer 07:00
4 Plays Today
% Correct
New York
99.8%
Alaska
92%
Nevada
89.6%
Washington
88.4%
Georgia
87.7%
New Mexico
87.5%
Florida
87.2%
Hawaii
86.8%
New Jersey
85.1%
Arizona
81.8%
% Correct
Maine
81.7%
South Dakota
81.5%
Louisiana
68.1%
Illinois
66.5%
New Hampshire
64.8%
Kentucky
61.7%
Utah
59.5%
Vermont
52.8%
Oregon
47.4%
Ohio
28.9%

You're not logged in!

Compare scores with friends on all Sporcle quizzes.
Sign Up with Email
OR
Log In

You Might Also Like...

Show Comments

Extras

Top Quizzes Today


Score Distribution

Your Account Isn't Verified!

In order to create a playlist on Sporcle, you need to verify the email address you used during registration. Go to your Sporcle Settings to finish the process.